JJT difficulties by picture #1 - Statistics

General Stats
  • This quiz has been taken 73 times
  • The average score is 11 of 14
Answer Stats
Picture Answer % Correct
The First Difficulty
100%
The Lower Gap
98%
A
94%
Negativity
94%
True Ease
92%
Unimpossible
92%
Exist
81%
Friendliness
81%
Skip
78%
Instant Win
77%
Restful
73%
Ifinity
70%
Reversed Peripherality
45%
Felix the ДА
36%
No matching quizzes found
Score Distribution
Percent of People with Each Score
Percentile by Number Answered
Your Score History
You have not taken this quiz